Метрология, стандартизация, сертификация в АСУ: пособие по выполнению практических работ

Dades bibliogràfiques
Autor principal: Баранникова И. В. Ирина Владимировна
Autor corporatiu: Московский государственный горный университет (МГГУ)
Altres autors: Ландер А. В. Анна Викторовна
Sumari:Рассмотрены систематические и случайные погрешности, даны их классификация, а также вероятностное описание. Приведены основные законы распределения случайных величин и понятие о грубых погрешностях. Изложены основы теории суммирования погрешностей. Детально рассмотрена методика оценки качества программного средства на всех фазах его жизненного цикла. Особое внимание уделено обработке результатов измерений. Для студентов высших учебных заведений, обучающихся по направлению 552800, 654600 «Информатика и вычислительная техника», специальности 220200 «Автоматизированные системы обработки информации и управления».
Idioma:rus
Publicat: Москва, Изд-во МГГУ, 2009
Col·lecció:Горное образование
Matèries:
Format: MixedMaterials Llibre
KOHA link:https://koha.lib.tpu.ru/cgi-bin/koha/opac-detail.pl?biblionumber=172616

MARC

LEADER 00000nam0a2200000 4500
001 172616
005 20231101223037.0
010 |a 9785741806050 
035 |a (RuTPU)RU\TPU\book\187187 
035 |a RU\TPU\book\116991 
090 |a 172616 
100 |a 20070119d2009 m y0rusy50 ca 
101 0 |a rus 
102 |a RU 
105 |a a j 001zy 
200 1 |a Метрология, стандартизация, сертификация в АСУ  |e пособие по выполнению практических работ  |f И. В. Баранникова, А. В. Ландер  |g Московский государственный горный университет (МГГУ) 
210 |a Москва  |c Изд-во МГГУ  |d 2009 
215 |a 63 с.  |c ил. 
225 1 |a Горное образование 
320 |a Библиогр.: с. 62. 
330 |a Рассмотрены систематические и случайные погрешности, даны их классификация, а также вероятностное описание. Приведены основные законы распределения случайных величин и понятие о грубых погрешностях. Изложены основы теории суммирования погрешностей. Детально рассмотрена методика оценки качества программного средства на всех фазах его жизненного цикла. Особое внимание уделено обработке результатов измерений. Для студентов высших учебных заведений, обучающихся по направлению 552800, 654600 «Информатика и вычислительная техника», специальности 220200 «Автоматизированные системы обработки информации и управления». 
451 1 |0 (RuTPU)RU\TPU\book\116989  |y 5-7418-0365-2  |t Метрология, стандартизация, сертификация в АСУ  |o учебное пособие  |f И. В. Баранникова, А. В. Ландер  |c М.  |n Изд-во МГГУ  |d 2004  |p 91с.  |s Высшее горное образование  |a Баранникова, Ирина Владимировна 
606 1 |a Метрология  |2 stltpush  |3 (RuTPU)RU\TPU\subj\43497  |9 62988 
610 1 |a стандартизация 
610 1 |a погрешности 
610 1 |a случайные погрешности 
610 1 |a измерения 
610 1 |a сертификация 
610 1 |a программные средства 
610 1 |a практические работы 
610 1 |a АСУ 
610 1 |a учебные пособия 
675 |a 006(076)  |v 4 
700 1 |a Баранникова  |b И. В.  |g Ирина Владимировна 
701 1 |a Ландер  |b А. В.  |g Анна Викторовна 
712 0 2 |a Московский государственный горный университет (МГГУ)  |c (1993- )  |2 stltpush  |3 (RuTPU)RU\TPU\col\453 
801 1 |a RU  |b 63413507  |c 20091215 
801 2 |a RU  |b 63413507  |c 20140407  |g RCR 
942 |c BK 
959 |a 124/20091215  |d 1  |e 90,00  |f ЧЗТЛ:1